Fraštacké noviny dvojtýždenník o živote v Hlohovci a okolí

Bibliographic Details
Other Authors: Ivan, Michal, 1983- (Publishing director)
Format: Newspaper
Language:Slovak
PhysicalDescription:9 zv. 30-39 cm
Published: Trnava Eurorest 2010-2018
Hlohovec FINPO MB, s.r.o.
8/2017-2018 Hlohovec HC Media, s.r.o.
Trnava Maynet
ISSN:1338-2659
Subjects:

MARC

LEADER 00000cas a2200000 a 4500
001 vtls010172207
003 SK-MaSNL
005 20260228160327.0
008 160502c20102018xo er|ne 0 b0slo
022 |a 1338-2659 
040 |a SVKBB  |b slo  |c SVKBB  |d SNK  |e AACR2 
041 0 |a slo 
043 |a e-xo--- 
044 |a xo  |c SK 
072 7 |a 316.7  |x Sociológia kultúry. Kultúrny život  |2 konspekt 
072 7 |a 394  |x Verejný a spoločenský život. Každodenný život  |2 konspekt 
072 7 |a 352/354  |x Stupne miestnej, oblastnej a ústrednej správy  |2 konspekt 
080 |a 316.728  |2 2011 
080 |a 394  |2 2011 
080 |a 353.9  |2 2011 
080 |a 050  |2 2011 
080 |a (437.6)  |2 2011 
080 |a (051)+(054)(437.6)  |2 2011 
210 0 |a Fraštacké nov. 
222 0 |a Fraštacké noviny 
245 0 0 |a Fraštacké noviny  |b dvojtýždenník o živote v Hlohovci a okolí 
260 |a Trnava  |b Eurorest  |c 2010-2018 
260 2 |3 ?-7/2017  |a Hlohovec  |b FINPO MB, s.r.o. 
260 3 |a 8/2017-2018  |a Hlohovec  |b HC Media, s.r.o. 
260 2 |3 2014-?  |a Trnava  |b Maynet 
300 |a 9 zv.  |c 30-39 cm 
310 |a 26x ročne 
362 0 |a Roč. 1, č. 1 (2. sept. 2010)-roč. 9, č. 23 (dec. 2018) 
500 |a Evidenčné číslo: EV 4139/10 
500 |a Od č. 14/2011 zmena formátu na 39 cm 
500 |a Redaktori sa menia 
650 0 7 |a každodenný život  |2 SNKPH  |9 4946 
650 0 7 |a územná samospráva  |2 SNKPH  |9 802 
651 7 |a Hlohovec (Slovensko)  |2 SNKPHgeo  |9 31468 
655 7 |a regionálne periodiká  |2 SNKPH  |9 131775 
700 1 |a Ivan, Michal,  |d 1983-  |4 pbd  |9 266421 
910 |a snk 
916 |a 2010-2016, 2017-2018 
999 |c 2158  |d 4088 
952 |t č. 1-26  |a SNK  |b SNK  |y PREZ  |7 0  |p 17A1148263  |o snkČSB 6122/7/2016  |i snk2017/4991  |8 0  |f 1  |0 0  |1 0  |4 0  |d 2017-02-23  |l 0  |r 2026-02-21 21:55:41  |w 2026-02-21 
952 |t č. 1-25  |a SNK  |b SNK  |y PREZ  |7 0  |p 17A1431072  |o snkČSB 6122/8/2017  |i snk2020/11658  |8 0  |z Chýba č. 16  |f 1  |0 0  |1 0  |4 0  |d 2020-07-01  |l 0  |r 2026-02-21 22:01:39  |w 2026-02-21 
952 |t č. 1-23, neúplné  |a SNK  |b SNK  |y PREZ  |7 0  |p 17A1431073  |o snkČSB 6122/9/2018  |i snk2020/11659  |8 0  |z Chýba č. 16  |f 1  |0 0  |1 0  |4 0  |d 2020-07-01  |l 0  |r 2026-02-21 22:01:39  |w 2026-02-21 
952 |t č. 1-9  |a SNK  |b SNK  |y PREZ  |7 0  |p 17A1099595  |o snkČSB 6122/1/2010  |i snk2016/11152  |8 0  |f 1  |0 0  |1 0  |4 0  |d 2016-05-02  |l 0  |r 2026-02-21 22:16:56  |w 2026-02-21 
952 |t č. 1-26  |a SNK  |b SNK  |y PREZ  |7 0  |p 17A1099594  |o snkČSB 6122/2/2011  |i snk2016/11153  |8 0  |f 1  |0 0  |1 0  |4 0  |d 2016-05-02  |l 0  |r 2026-02-21 22:16:56  |w 2026-02-21 
952 |t č. 1-25  |a SNK  |b SNK  |y PREZ  |7 3  |p 17A1099593  |o snkČSB 6122/3/2012  |i snk2016/11156  |8 0  |f 1  |0 0  |1 0  |4 0  |d 2016-05-02  |l 0  |r 2026-02-21 22:16:56  |w 2026-02-21 
952 |t č. 1-26  |a SNK  |b SNK  |y PREZ  |7 3  |p 17A1099590  |o snkČSB 6122/4/2013  |i snk2016/11157  |8 0  |f 1  |0 0  |1 0  |4 0  |d 2016-05-02  |l 0  |r 2026-02-21 22:16:56  |w 2026-02-21 
952 |t č. 1-26  |a SNK  |b SNK  |y PREZ  |7 3  |p 17A1099591  |o snkČSB 6122/5/2014  |i snk2016/11161  |8 0  |f 1  |0 0  |1 0  |4 0  |d 2016-05-02  |l 0  |r 2026-02-21 22:16:57  |w 2026-02-21 
952 |t č. 1-26  |a SNK  |b SNK  |y PREZ  |7 3  |p 17A1099592  |o snkČSB 6122/6/2015  |i snk2016/11166  |8 0  |f 1  |0 0  |1 0  |4 0  |d 2016-05-02  |l 0  |r 2026-02-21 22:16:57  |w 2026-02-21